|
|
|
|
| LEADER |
00845nam a22002292a 4500 |
| 001 |
000173797 |
| 003 |
CZ BrMZK |
| 005 |
20020709091553.0 |
| 008 |
010907s1978 xr f cze d |
| 040 |
|
|
|a BOA001
|b cze
|
| 100 |
1 |
|
|a Kadlec, Jan
|7 jk01052425
|
| 245 |
1 |
0 |
|a Účetnictví II pro střední ekonomické školy, obor všeobecná ekonomika /
|c Jan Kadlec, Kamil Bolze
|
| 250 |
|
|
|a 3. přeprac. vyd.
|
| 260 |
|
|
|a Praha :
|b SPN,
|c 1978
|
| 300 |
|
|
|a 198 s., 12 příl.
|
| 490 |
1 |
|
|a Učebnice pro odborné a střední odborné školy
|
| 700 |
1 |
|
|a Bolze, Karel
|
| 830 |
|
0 |
|a Učebnice pro odborné a střední odborné školy
|
| 910 |
|
|
|a BOA001
|b PK-0068.373
|
| 964 |
|
|
|a Účetnictví - učebnice - školy ekonomické střední
|
| 990 |
|
|
|a BK
|
| 996 |
7 |
|
|b 3119944643
|c PK-0068.373
|l MZK
|r Sklad / do 1 hodiny
|n 1
|w 000173797
|u 000010
|a 1
|e BOA001
|j MZK50
|s A
|